[Event "Aeroflot Open A"]
[Site "Moscow RUS"]
[Date "2011.02.12"]
[Round "5"]
[White "Khalifman, Alexander"]
[Black "Grigoryan, Avetik"]
[Result "1/2-1/2"]
[WhiteTitle "GM"]
[BlackTitle "GM"]
[WhiteElo "2638"]
[BlackElo "2595"]
[WhiteFideId "4100115"]
[BlackFideId "13302191"]
[EventDate "2011.02.08"]

1. d4 d5 2. c4 c6 3. Nc3 Nf6 4. Nf3 e6 5. Qd3 dxc4 6. Qxc4 b5 7. Qd3 a6 8. Bg5
c5 9. Bxf6 gxf6 10. d5 b4 11. Na4 Bd7 12. dxe6 fxe6 13. Rd1 Qa5 14. b3 Bxa4 15.
bxa4 b3+ 16. Nd2 Nd7 17. Qe4 O-O-O 18. axb3 c4 19. e3 Bb4 20. Bxc4 Nc5 21. Bxe6+
Kb8 22. Qf4+ Ka7 23. O-O Nxe6 24. Qxf6 Qd5 25. Nc4 Qxd1 26. Qxe6 Bc5 27. Na5 Bb4
28. Nc4 1/2-1/2

[Event "Aeroflot Open A"]
[Site "Moscow RUS"]
[Date "2011.02.12"]
[Round "5"]
[White "Lysyj, Igor"]
[Black "Kotsur, Pavel"]
[Result "0-1"]
[WhiteTitle "GM"]
[BlackTitle "GM"]
[WhiteElo "2635"]
[BlackElo "2559"]
[WhiteFideId "4150120"]
[BlackFideId "13700278"]
[EventDate "2011.02.08"]

1. d4 f5 2. g3 Nf6 3. Bg2 g6 4. Nh3 Bg7 5. Nf4 Nc6 6. h4 e5 7. dxe5 Nxe5 8. h5
c6 9. h6 Bf8 10. Nd3 Nf7 11. c4 Ng8 12. Nc3 Ngxh6 13. Qc2 Bg7 14. Bd2 d6 15.
O-O-O Ng4 16. f3 Nge5 17. Nxe5 dxe5 18. e4 Qe7 19. exf5 Bxf5 20. Ne4 O-O 21. Be3
Bxe4 22. fxe4 Ng5 23. c5 Nf3 24. Qb3+ Qf7 25. Rd7 Qxb3 26. axb3 Nd4 27. Rxb7
Rab8 28. Rxb8 Rxb8 29. Bxd4 exd4 30. Bf1 Be5 31. Bc4+ Kg7 32. Rf1 h5 33. Rf7+
Kh6 34. Rxa7 Bxg3 35. Ra6 h4 36. Rxc6 h3 37. e5 h2 38. Bd5 d3 39. Be4 Bf4+ 40.
Kd1 Rb4 41. Bh1 Be3 42. Rd6 Rg4 43. Rxd3 Rg1+ 44. Ke2 Rxh1 45. Rxe3 Rb1 46. Rh3+
Kg5 47. Kf3 h1=Q+ 48. Rxh1 Rxh1 49. Ke4 Re1+ 50. Kd5 Kf5 51. Kd6 Rd1+ 52. Ke7
Kxe5 53. c6 Rh1 54. c7 Rh7+ 55. Kd8 Kd6 0-1

[Event "Aeroflot Open A"]
[Site "Moscow RUS"]
[Date "2011.02.12"]
[Round "5"]
[White "Bluvshtein, Mark"]
[Black "Mareco, Sandro"]
[Result "1/2-1/2"]
[WhiteTitle "GM"]
[BlackTitle "GM"]
[WhiteElo "2590"]
[BlackElo "2627"]
[WhiteFideId "2603608"]
[BlackFideId "112275"]
[EventDate "2011.02.08"]

1. d4 Nf6 2. c4 e6 3. Nc3 Bb4 4. e3 O-O 5. a3 Bxc3+ 6. bxc3 c5 7. Bd3 Nc6 8. Ne2
b6 9. e4 Ne8 10. O-O Ba6 11. f4 f5 12. Ng3 g6 13. Be3 cxd4 14. cxd4 d5 15. cxd5
Bxd3 16. Qxd3 fxe4 17. Qxe4 Qxd5 18. Qxd5 exd5 19. Rac1 Ne7 20. Bd2 Rf7 21. Be3
Nc6 22. Bd2 Ne7 1/2-1/2

[Event "Aeroflot Open A"]
[Site "Moscow RUS"]
[Date "2011.02.12"]
[Round "5"]
[White "Sjugirov, Sanan"]
[Black "El Debs, Felipe de Cresce"]
[Result "1-0"]
[WhiteTitle "GM"]
[BlackTitle "GM"]
[WhiteElo "2626"]
[BlackElo "2499"]
[WhiteFideId "4189302"]
[BlackFideId "2106981"]
[EventDate "2011.02.08"]

1. e4 c6 2. d4 d5 3. e5 c5 4. Nf3 Bg4 5. Bb5+ Nc6 6. dxc5 Qa5+ 7. Nc3 e6 8. Be3
Ne7 9. h3 Bxf3 10. Qxf3 a6 11. Ba4 Ng6 12. a3 Be7 13. Qg3 Qc7 14. Bxc6+ Qxc6 15.
h4 h5 16. O-O-O Bxc5 17. Bxc5 Qxc5 18. Ne2 Ne7 19. Qxg7 Rg8 20. Qh7 Rc8 21. Nd4
Rxg2 22. Rd2 Nc6 23. Nb3 Qf8 24. Qxh5 Qg7 25. Re1 Ke7 26. Qe2 Qh6 27. Kb1 Qxh4
28. Qe3 d4 29. Qf3 Rg4 30. Nc5 Qg5 31. Ne4 Qf4 32. Qb3 b5 33. f3 Rg3 34. Rd3
Qxe5 35. a4 b4 36. Qc4 f5 37. f4 Qxe4 38. Rxe4 Rg1+ 39. Ka2 fxe4 40. Qc5+ Kf7
41. Rh3 Rg7 42. f5 1-0

[Event "Aeroflot Open A"]
[Site "Moscow RUS"]
[Date "2011.02.12"]
[Round "5"]
[White "Ragger, Markus"]
[Black "Danin, Alexandre"]
[Result "1/2-1/2"]
[WhiteTitle "GM"]
[BlackTitle "IM"]
[WhiteElo "2615"]
[BlackElo "2538"]
[WhiteFideId "1610856"]
[BlackFideId "4144031"]
[EventDate "2011.02.08"]

1. Nf3 Nf6 2. c4 c5 3. Nc3 d5 4. cxd5 Nxd5 5. e4 Nb4 6. Bb5+ N8c6 7. d4 cxd4 8.
a3 dxc3 9. Qxd8+ Kxd8 10. axb4 cxb2 11. Bxb2 f6 12. Bxc6 bxc6 13. e5 Be6 14. O-O
Bd5 15. Ra6 Bc4 16. Rd1+ Kc7 17. Ra5 e6 18. exf6 gxf6 19. Bxf6 Rg8 20. Be5+ Kc8
21. Rda1 a6 22. Bg3 Bb5 23. Nd4 Bxb4 24. R5a2 Bc3 25. Rd1 Rd8 26. Be5 Kb7 27.
Rc2 Bxd4 28. Rxd4 Rxd4 29. Bxd4 Rd8 30. Rd2 c5 31. Bc3 Rxd2 32. Bxd2 Kc6 33. f4
Kd5 34. Kf2 Ke4 35. g4 Kd3 36. Ke1 Ba4 37. f5 exf5 38. gxf5 c4 39. f6 Be8 40.
Kd1 c3 41. Bf4 a5 42. Kc1 Kc4 43. Kb1 Kb3 44. Bc7 a4 45. Bd6 Bg6+ 46. Ka1 Bf7
47. Kb1 a3 48. h4 a2+ 49. Ka1 c2 50. Bf4 Kc3 51. Bc1 Kd3 52. Kb2 Ke2 53. h5 Bxh5
54. Kxa2 Kd1 55. Kb2 Bg6 56. Bh6 Be8 57. Ka1 Bg6 58. Kb2 Bf7 59. Ka1 Ke2 60. Kb2
Kd3 61. Kc1 Kc3 62. Bd2+ Kb3 63. Bh6 Bg6 64. Bg5 h5 65. Bh4 Kc3 66. Bg5 1/2-1/2

[Event "Aeroflot Open A"]
[Site "Moscow RUS"]
[Date "2011.02.12"]
[Round "5"]
[White "Alsina Leal, Daniel"]
[Black "Yu, Yangyi"]
[Result "0-1"]
[WhiteTitle "GM"]
[BlackTitle "GM"]
[WhiteElo "2531"]
[BlackElo "2607"]
[WhiteFideId "2252627"]
[BlackFideId "8603820"]
[EventDate "2011.02.08"]

1. e4 c5 2. Nf3 e6 3. d4 cxd4 4. Nxd4 a6 5. c4 Nf6 6. Nc3 Bb4 7. Qf3 Bxc3+ 8.
bxc3 d6 9. Qg3 O-O 10. Bd3 e5 11. Nf5 Bxf5 12. exf5 Nbd7 13. O-O Kh8 14. Rd1 Rc8
15. Be2 Qa5 16. Qe3 d5 17. a4 Rfe8 18. Ba3 d4 19. cxd4 exd4 20. Qd3 Rcd8 21. Bf1
Nc5 22. Qb1 Nfe4 23. Bb4 Qc7 24. Qb2 Qe5 25. Ra3 Nc3 26. Rxd4 Ne2+ 27. Bxe2 Qxd4
28. Qxd4 Rxd4 29. Re3 Ne4 30. Bc5 Rdd8 31. Bb6 Rc8 32. a5 Nd2 33. Rxe8+ Rxe8 34.
Be3 Nb3 35. g4 Nxa5 36. c5 Nc6 37. Kf1 a5 38. Bd1 Re4 39. Bf3 Rb4 40. g5 a4 41.
Bd5 a3 42. Bxf7 Rb2 0-1

[Event "Aeroflot Open A"]
[Site "Moscow RUS"]
[Date "2011.02.12"]
[Round "5"]
[White "Romanov, Evgeny"]
[Black "Huschenbeth, Niclas"]
[Result "1-0"]
[WhiteTitle "GM"]
[BlackTitle "IM"]
[WhiteElo "2606"]
[BlackElo "2450"]
[WhiteFideId "4148843"]
[BlackFideId "24604747"]
[EventDate "2011.02.08"]

1. d4 d5 2. Nf3 e6 3. c4 c6 4. e3 f5 5. Bd3 Nf6 6. O-O Bd6 7. b3 Qe7 8. Nc3 O-O
9. Bb2 Ne4 10. Ne2 Nd7 11. Ne5 Nxe5 12. dxe5 Bc7 13. Rc1 Bd7 14. Qc2 Rac8 15. f3
Ng5 16. Bd4 c5 17. Bb2 dxc4 18. bxc4 Bc6 19. Ng3 Rcd8 20. f4 Qd7 21. Bxf5 exf5
22. fxg5 g6 23. e4 f4 24. Ne2 Qd2 25. Nc3 Bxe5 26. Nd5 Bd4+ 27. Bxd4 Qxd4+ 28.
Qf2 Qxf2+ 29. Kxf2 Kg7 30. Rcd1 h6 31. gxh6+ Kxh6 32. e5 b5 33. Ne7 Be4 34. cxb5
Bd3 35. Nc6 Bxf1 36. Nxd8 Bxb5 37. e6 Re8 38. Nf7+ Kg7 39. Nd6 Rb8 40. Rb1 a6
41. a4 Rd8 42. axb5 Rxd6 43. b6 Rd8 44. e7 Rb8 45. Rd1 Re8 46. b7 1-0

[Event "Aeroflot Open A"]
[Site "Moscow RUS"]
[Date "2011.02.12"]
[Round "5"]
[White "Sutovsky, Emil"]
[Black "Vorobiov, Evgeny E."]
[Result "1/2-1/2"]
[WhiteTitle "GM"]
[BlackTitle "GM"]
[WhiteElo "2695"]
[BlackElo "2556"]
[WhiteFideId "2802007"]
[BlackFideId "4121341"]
[EventDate "2011.02.08"]

1. e4 e6 2. d4 d5 3. Nc3 Nf6 4. Bg5 dxe4 5. Nxe4 Nbd7 6. Nf3 h6 7. Nxf6+ Nxf6 8.
Bh4 c5 9. Bd3 cxd4 10. O-O Bd7 11. Qe2 Bc6 12. Ne5 Bd6 13. f4 Qc7 14. Bf2 Bd5
15. Kh1 Bc5 16. Bb5+ Kf8 17. Bd3 b6 18. Rae1 h5 19. Bh4 Ng4 20. Nxg4 hxg4 21.
Qxg4 f5 22. Qg3 Kf7 23. Bg5 1/2-1/2

[Event "Aeroflot Open A"]
[Site "Moscow RUS"]
[Date "2011.02.12"]
[Round "5"]
[White "Novikov, Stanislav"]
[Black "So, Wesley"]
[Result "1/2-1/2"]
[WhiteTitle "GM"]
[BlackTitle "GM"]
[WhiteElo "2568"]
[BlackElo "2673"]
[WhiteFideId "4125371"]
[BlackFideId "5202213"]
[EventDate "2011.02.08"]

1. e4 c5 2. Nf3 d6 3. c3 Nf6 4. Be2 Bd7 5. d3 g6 6. e5 dxe5 7. Nxe5 Nc6 8. Nxd7
Qxd7 9. Nd2 Bg7 10. Ne4 b6 11. Nxf6+ Bxf6 12. Be3 O-O 13. Qa4 Rad8 14. Rd1 e6
15. h4 Ne7 16. Qe4 Qd5 17. a3 h5 18. g3 Nf5 19. Bc1 Rfe8 20. Qxd5 1/2-1/2

[Event "Aeroflot Open A"]
[Site "Moscow RUS"]
[Date "2011.02.12"]
[Round "5"]
[White "Zhou, Weiqi"]
[Black "Savchenko, Boris"]
[Result "1-0"]
[WhiteTitle "GM"]
[BlackTitle "GM"]
[WhiteElo "2573"]
[BlackElo "2637"]
[WhiteFideId "8601674"]
[BlackFideId "4147332"]
[EventDate "2011.02.08"]

1. d4 d5 2. c4 c6 3. Nf3 dxc4 4. a4 e6 5. e3 b5 6. axb5 cxb5 7. b3 Nf6 8. bxc4
bxc4 9. Bxc4 Be7 10. O-O O-O 11. Nbd2 Nc6 12. Ba3 Nb4 13. Ne5 Bb7 14. Be2 a5 15.
Ndc4 Ne4 16. Qb3 Bd5 17. Rfc1 f6 18. Nf3 Qb8 19. Qd1 Rc8 20. Nfd2 Ra7 21. Nxe4
Bxe4 22. f3 Bg6 23. e4 Rd8 24. Kh1 Bc5 25. Bb2 Rad7 26. Ne5 Rxd4 27. Bxd4 Bxd4
28. Nxg6 Bxa1 29. Qb3 Qd6 30. Rd1 hxg6 31. Rxd6 Rxd6 32. Qa4 Rc6 33. Qxa1 Na2
34. Qg1 Rc1 35. Bf1 a4 36. g3 Nb4 37. Kg2 a3 38. Qe3 Rc2+ 39. Kh3 a2 40. Qa3 Kh7
41. Bb5 e5 42. Be8 Rf2 43. Bf7 Nd3 44. Qa8 1-0

[Event "Aeroflot Open A"]
[Site "Moscow RUS"]
[Date "2011.02.12"]
[Round "5"]
[White "Fier, Alexandr"]
[Black "Edouard, Romain"]
[Result "1/2-1/2"]
[WhiteTitle "GM"]
[BlackTitle "GM"]
[WhiteElo "2571"]
[BlackElo "2634"]
[WhiteFideId "2107139"]
[BlackFideId "633429"]
[EventDate "2011.02.08"]

1. d4 d5 2. c4 dxc4 3. Nf3 Nf6 4. Nc3 a6 5. e4 b5 6. e5 Nd5 7. a4 e6 8. axb5 Nb6
9. Be2 Bb7 10. bxa6 Rxa6 11. Be3 Rxa1 12. Qxa1 Be7 13. O-O O-O 14. Rd1 Nc6 15.
Na4 Qd5 16. Nc5 Nxd4 17. Rxd4 Qxc5 18. Rxc4 Qb5 19. Rxc7 Qxe2 20. Rxb7 Nd5 21.
Qf1 Qc2 22. Bd2 Rd8 23. h3 h6 24. Qc1 Qa4 25. Qf1 Bb4 26. Bxb4 Nxb4 27. Qc4 Qd1+
28. Kh2 Nd3 29. Qh4 Rf8 30. Rd7 Qb3 31. Rd4 Qb5 32. Qe4 Nxb2 33. Rb4 Qd3 34. Qh4
Nd1 35. Rg4 Qh7 36. Rd4 Qb1 37. Rg4 Qh7 38. Nd4 Nc3 39. Qe7 Nd5 40. Qd7 Kh8 41.
Rg3 Nf4 1/2-1/2

[Event "Aeroflot Open A"]
[Site "Moscow RUS"]
[Date "2011.02.12"]
[Round "5"]
[White "Predojevic, Borki"]
[Black "Oleksienko, Mikhailo"]
[Result "1-0"]
[WhiteTitle "GM"]
[BlackTitle "GM"]
[WhiteElo "2626"]
[BlackElo "2552"]
[WhiteFideId "930849"]
[BlackFideId "4152417"]
[EventDate "2011.02.08"]

1. e4 c5 2. Nf3 e6 3. d4 cxd4 4. Nxd4 a6 5. c4 Nf6 6. Nc3 Bb4 7. Qf3 d5 8. exd5
exd5 9. Bg5 O-O 10. Bxf6 Qxf6 11. Qxf6 gxf6 12. cxd5 Rd8 13. O-O-O Bxc3 14. bxc3
Rxd5 15. Bc4 Rc5 16. Bb3 Nd7 17. Rhe1 Re5 18. Rxe5 Nxe5 19. f4 Ng6 20. g3 Bg4
21. Rd2 Rd8 22. Rb2 Rd6 23. Bc2 b6 24. Be4 Bd7 25. Bb7 a5 26. Nb5 Bxb5 27. Rxb5
Nf8 28. Rd5 Rd7 29. Bc6 Rxd5 30. Bxd5 Ne6 31. Bxe6 fxe6 32. Kd2 Kf7 33. Kd3 Ke7
34. g4 Kd6 35. Kd4 b5 36. h4 h6 37. a3 e5+ 38. fxe5+ fxe5+ 39. Ke4 Ke6 40. g5 1-0

[Event "Aeroflot Open A"]
[Site "Moscow RUS"]
[Date "2011.02.12"]
[Round "5"]
[White "Nechepurenko, Roman V."]
[Black "Maletin, Pavel"]
[Result "1/2-1/2"]
[WhiteTitle "FM"]
[BlackTitle "GM"]
[WhiteElo "2546"]
[BlackElo "2621"]
[WhiteFideId "4151119"]
[BlackFideId "4146786"]
[EventDate "2011.02.08"]

1. d4 d5 2. c4 c6 3. Nf3 Nf6 4. Nc3 e6 5. g3 dxc4 6. Bg2 Nbd7 7. O-O Be7 8. Nd2
Nb6 9. e3 e5 10. dxe5 Ng4 11. Nf3 Qxd1 12. Rxd1 Nd7 13. e6 fxe6 14. Bf1 Rf8 15.
Rd4 Nde5 16. Nxe5 Nxe5 17. Kg2 b5 18. f4 c5 19. Rd1 Bb7+ 20. Kg1 Nf3+ 21. Kf2
Nxh2 22. Nxb5 Ng4+ 23. Ke1 Rd8 24. Rxd8+ Kxd8 25. Bxc4 Bd5 26. Be2 Nf6 27. Nc3
Ne4 28. Nxe4 Bxe4 29. Bd2 Rf6 30. Ba5+ Ke8 31. Bc3 Rh6 32. Bxg7 Rh3 33. Rd1 Rxg3
34. Bh5+ Bg6 35. Bxg6+ Rxg6 36. Be5 Rg1+ 37. Ke2 Rxd1 38. Kxd1 c4 39. Ke2 Kf7
40. Kf3 Bf6 41. Bxf6 Kxf6 42. e4 a5 43. a3 a4 44. Ke3 Kg6 45. Kf3 Kf6 1/2-1/2

[Event "Aeroflot Open A"]
[Site "Moscow RUS"]
[Date "2011.02.12"]
[Round "5"]
[White "Zhao, Jun"]
[Black "Mekhitarian, Krikor Sevag"]
[Result "0-1"]
[WhiteTitle "GM"]
[BlackTitle "GM"]
[WhiteElo "2599"]
[BlackElo "2528"]
[WhiteFideId "8602522"]
[BlackFideId "2107660"]
[EventDate "2011.02.08"]

1. d4 Nf6 2. c4 g6 3. Nf3 Bg7 4. g3 d5 5. cxd5 Nxd5 6. Bg2 Nb6 7. Nc3 Nc6 8. e3
O-O 9. O-O Re8 10. Re1 a5 11. Qe2 Be6 12. Nd2 a4 13. Rd1 f5 14. Rb1 Bf7 15. Nf3
Bc4 16. Qe1 Nb4 17. a3 Nd3 18. Qd2 Nxc1 19. Qxc1 Bb3 20. Re1 c6 21. h4 Nc4 22.
e4 e5 23. dxe5 Nxe5 24. exf5 Nxf3+ 25. Bxf3 Rxe1+ 26. Qxe1 gxf5 27. Qe3 Qd6 28.
Re1 f4 29. Qxf4 Qxf4 30. gxf4 Rf8 31. Re4 Bxc3 32. bxc3 Bd5 33. Re3 Rxf4 34.
Bxd5+ cxd5 35. Re8+ Kf7 36. Rb8 Rxh4 37. Rxb7+ Ke6 38. Ra7 Rc4 39. Kf1 h5 40.
Ke2 h4 41. Kd3 Rf4 42. Ke3 Re4+ 43. Kf3 h3 44. Kg3 Rh4 45. Kh2 Rc4 46. f3 Rxc3
47. Rxa4 Rxf3 48. Ra8 d4 49. a4 Ra3 50. a5 d3 51. Rd8 Ke5 52. a6 Ke4 53. Rd6 Ke3
54. Re6+ Kf2 55. Rf6+ Ke2 56. Re6+ Kd1 57. Kxh3 d2+ 58. Kg2 Ra5 59. Rd6 Ra1 60.
Rc6 Ke2 61. Re6+ Kd3 62. Rd6+ Kc2 63. Rc6+ Kb3 0-1

[Event "Aeroflot Open A"]
[Site "Moscow RUS"]
[Date "2011.02.12"]
[Round "5"]
[White "Kovalenko, Igor"]
[Black "Felgaer, Ruben"]
[Result "0-1"]
[WhiteTitle "IM"]
[BlackTitle "GM"]
[WhiteElo "2515"]
[BlackElo "2585"]
[WhiteFideId "14117908"]
[BlackFideId "107069"]
[EventDate "2011.02.08"]

1. d4 d5 2. c4 c6 3. cxd5 cxd5 4. Nf3 Nf6 5. Nc3 Nc6 6. Bf4 Bf5 7. e3 e6 8. Bb5
Nd7 9. O-O Be7 10. Qb3 g5 11. Bg3 h5 12. h3 Kf8 13. Bxc6 bxc6 14. Qb7 Kg7 15.
Bc7 Qc8 16. Qxc6 g4 17. Ne5 Nf6 18. h4 Ne8 19. Ba5 Bxh4 20. Rac1 Qxc6 21. Nxc6
Bg5 22. Nb5 h4 23. f4 gxf3 24. Rc3 fxg2 25. Kxg2 Nf6 26. Ne5 Rab8 27. Rb3 Bc2
28. Nd6 Bxb3 29. axb3 Bxe3 30. Bc3 h3+ 31. Kh2 Rh4 32. Ndxf7 Rf8 33. Nf3 Rh5 34.
N7e5 Ne4 35. Be1 Bf4+ 36. Kh1 Bxe5 37. dxe5 Kh8 0-1

[Event "Aeroflot Open A"]
[Site "Moscow RUS"]
[Date "2011.02.12"]
[Round "5"]
[White "Xiu, Deshun"]
[Black "Deviatkin, Andrei"]
[Result "1/2-1/2"]
[BlackTitle "GM"]
[WhiteElo "2508"]
[BlackElo "2573"]
[WhiteFideId "8603693"]
[BlackFideId "4121260"]
[EventDate "2011.02.08"]

1. d4 d5 2. c4 c6 3. Nf3 Nf6 4. Nc3 dxc4 5. a4 Bf5 6. Ne5 Nbd7 7. Nxc4 Nb6 8.
Ne5 a5 9. e3 h6 10. Bd3 Bxd3 11. Nxd3 Nbd5 12. Qb3 Qb6 13. Qxb6 Nxb6 14. f3 Nfd5
15. Nxd5 cxd5 16. b3 e6 17. Bd2 Bd6 18. Rc1 Nd7 19. e4 O-O 20. exd5 exd5 21. Bf4
Bxf4 22. Nxf4 Nf6 23. Kd2 g5 24. Nd3 Rfc8 25. Rhe1 Kf8 26. Rc5 b6 27. Rb5 Rab8
28. Rb1 Kg7 29. b4 axb4 30. R1xb4 Rc6 31. Ne5 Rd6 32. g4 h5 33. h3 hxg4 34. hxg4
Ra8 35. Kc3 Ra6 36. Rb1 Ne8 37. a5 Rxa5 38. Rxa5 bxa5 39. Rb7 Rf6 40. Ra7 Nd6
41. Rxa5 Nc4 42. Nxc4 Rxf3+ 43. Kb4 dxc4 44. Rxg5+ Kf6 45. Rc5 Rg3 46. Kxc4 Rxg4
47. Re5 Rg8 48. Re1 Rc8+ 49. Kb5 Rd8 50. Kc4 Rc8+ 51. Kd3 Rd8 52. Re5 Ra8 53.
Re2 Kf5 54. Re5+ Kf4 55. Re4+ Kg5 56. Ke3 f5 57. Re6 f4+ 58. Ke4 f3 59. Kxf3 1/2-1/2

[Event "Aeroflot Open A"]
[Site "Moscow RUS"]
[Date "2011.02.12"]
[Round "5"]
[White "Hammer, Jon Ludvig"]
[Black "Ju, Wenjun"]
[Result "1/2-1/2"]
[WhiteTitle "GM"]
[BlackTitle "WGM"]
[WhiteElo "2647"]
[BlackElo "2514"]
[WhiteFideId "1503707"]
[BlackFideId "8603006"]
[EventDate "2011.02.08"]

1. d4 Nf6 2. c4 g6 3. Nc3 Bg7 4. e4 d6 5. Be2 O-O 6. Nf3 e5 7. O-O Nc6 8. d5 Ne7
9. Ne1 Nd7 10. Nd3 f5 11. f3 Kh8 12. Be3 f4 13. Bf2 c5 14. b4 b6 15. Nb5 Rf6 16.
Nxd6 Rxd6 17. bxc5 bxc5 18. Nxc5 Nxc5 19. Bxc5 g5 20. Kh1 Rg6 21. Bf2 h5 22. c5
g4 23. Bh4 Qe8 24. Rb1 a6 25. Qd2 Bf6 26. Bxf6+ Rxf6 27. Rfc1 gxf3 28. gxf3 Bh3
29. Rg1 Rg6 30. Qc3 Rxg1+ 31. Rxg1 Ng6 32. c6 Kh7 33. Qc5 Qf7 34. c7 Rg8 35.
Bxa6 Nh4 36. c8=Q Bxc8 37. Bxc8 Rxg1+ 38. Qxg1 Nxf3 39. Qg2 Nd4 40. Qg5 Qc7 41.
Qxh5+ Kg8 42. Qg6+ Kf8 43. Qh6+ Kg8 44. Be6+ Nxe6 45. Qxe6+ Kh7 46. Kg2 Qc2+ 47.
Kh3 Qd3+ 48. Kh4 Qxe4 49. Qf7+ Kh6 50. Qf6+ Kh7 51. Qf7+ Kh6 52. Qf6+ Kh7 53. d6
f3+ 54. Kh5 f2 55. Qf7+ Kh8 56. Qf8+ Kh7 57. Qf7+ Kh8 58. d7 Qh7+ 59. Qxh7+ Kxh7
60. d8=Q f1=Q 61. Qe7+ Kg8 62. Qe8+ Kh7 63. Qe7+ Kg8 64. Qxe5 Qf7+ 65. Kh6 Qf6+
66. Qxf6 1/2-1/2

[Event "Aeroflot Open A"]
[Site "Moscow RUS"]
[Date "2011.02.12"]
[Round "5"]
[White "Iturrizaga, Eduardo"]
[Black "Sethuraman, S.P."]
[Result "1/2-1/2"]
[WhiteTitle "GM"]
[BlackTitle "IM"]
[WhiteElo "2611"]
[BlackElo "2545"]
[WhiteFideId "3901211"]
[BlackFideId "5021596"]
[EventDate "2011.02.08"]

1. Nf3 d5 2. d4 Nf6 3. c4 c6 4. Qc2 dxc4 5. Qxc4 Bf5 6. g3 e6 7. Bg2 Be7 8. O-O
O-O 9. Nc3 Nbd7 10. e3 Ne4 11. Qe2 Qc7 12. Nd2 Nxc3 13. bxc3 c5 14. e4 Bg6 15.
f4 cxd4 16. cxd4 f6 17. Nb3 Nb6 18. Qe3 Qc4 19. Qf3 Rac8 20. Bh3 f5 21. exf5
Bxf5 22. Bxf5 Rxf5 23. Qxb7 Rc7 24. Qe4 Qd5 25. Qxd5 Nxd5 26. Bd2 Rf8 27. Rae1
Rc2 28. Rxe6 Rxa2 29. Re5 1/2-1/2

[Event "Aeroflot Open A"]
[Site "Moscow RUS"]
[Date "2011.02.12"]
[Round "5"]
[White "Roussel-Roozmon, Thomas"]
[Black "Mamedov, Nidjat"]
[Result "1/2-1/2"]
[WhiteTitle "GM"]
[BlackTitle "GM"]
[WhiteElo "2500"]
[BlackElo "2580"]
[WhiteFideId "2603659"]
[BlackFideId "13400819"]
[EventDate "2011.02.08"]

1. d4 Nf6 2. c4 g6 3. Nc3 Bg7 4. e4 d6 5. Bd3 O-O 6. Nge2 Nc6 7. O-O Nd7 8. Be3
e5 9. d5 Nd4 10. Nb5 Nxb5 11. cxb5 f5 12. exf5 gxf5 13. f3 Nf6 14. Qd2 Kh8 15.
Bc4 Bd7 16. Kh1 Qe8 17. a4 Qg6 18. f4 Ng4 19. Bg1 Qh6 20. Ra3 Rae8 21. Rh3 Qg6
22. Qa5 e4 23. Qxa7 Rg8 24. Qxb7 Bxb2 25. Qxc7 Rc8 26. Qxd7 Nf6 27. Rg3 Nxd7 28.
Rxg6 hxg6 29. Bb3 Nc5 30. Rb1 Nxb3 31. Rxb2 Na5 32. Bb6 Nc4 33. Bd4+ Kh7 34. Rb3
e3 35. b6 Rb8 36. b7 Na5 37. Rxe3 Rge8 38. Rh3+ Kg8 39. Rh8+ Kf7 40. Rh7+ Kf8
41. Rh8+ 1/2-1/2

[Event "Aeroflot Open A"]
[Site "Moscow RUS"]
[Date "2011.02.12"]
[Round "5"]
[White "Zhigalko, Andrey"]
[Black "Pogonina, Natalija"]
[Result "1/2-1/2"]
[WhiteTitle "GM"]
[BlackTitle "WGM"]
[WhiteElo "2566"]
[BlackElo "2472"]
[WhiteFideId "13502247"]
[BlackFideId "4147855"]
[EventDate "2011.02.08"]

1. e4 e5 2. Nf3 Nc6 3. Bb5 a6 4. Ba4 Nf6 5. O-O b5 6. Bb3 Bb7 7. d3 Bd6 8. a4
O-O 9. c3 h6 10. Na3 Re8 11. Bd2 Bxa3 12. Rxa3 d5 13. axb5 axb5 14. Rxa8 Bxa8
15. exd5 Nxd5 16. Re1 Nf6 17. Bc1 Bb7 18. h3 Bc8 19. d4 exd4 20. Rxe8+ Qxe8 21.
cxd4 Qe4 22. Bc2 Qe8 23. Bb3 Qe4 24. Qf1 Bb7 25. Be3 Nd5 26. Nd2 Nxe3 27. Bxf7+
Kf8 28. fxe3 Qxe3+ 29. Kh1 Ke7 30. Bd5 Qxd2 31. Qf7+ Kd8 32. Qg8+ Ke7 33. Qf7+
Kd8 34. Qg8+ Ke7 35. Qf7+ 1/2-1/2

[Event "Aeroflot Open A"]
[Site "Moscow RUS"]
[Date "2011.02.12"]
[Round "5"]
[White "Kosteniuk, Alexandra"]
[Black "Vocaturo, Daniele"]
[Result "1-0"]
[WhiteTitle "GM"]
[BlackTitle "GM"]
[WhiteElo "2498"]
[BlackElo "2570"]
[WhiteFideId "4128125"]
[BlackFideId "813192"]
[EventDate "2011.02.08"]

1. e4 e5 2. Nf3 Nc6 3. Bb5 a6 4. Ba4 Nf6 5. O-O Be7 6. Re1 b5 7. Bb3 d6 8. c3
O-O 9. h3 h6 10. d4 Re8 11. Nbd2 Bf8 12. Nf1 Bd7 13. Ng3 Na5 14. Bc2 Nc4 15. b3
Nb6 16. Bb2 c5 17. dxc5 dxc5 18. c4 Qc7 19. Bd3 Nc8 20. Nf1 Na7 21. Ne3 b4 22.
Nd5 Qd6 23. Bc2 Bc8 24. Nxe5 Rxe5 25. f4 Rxd5 26. cxd5 Qxf4 27. e5 Nh7 28. Qd3
Ng5 29. Rf1 Qh4 30. e6 Nb5 31. Rxf7 Nd6 32. Qg6 Nxh3+ 33. Kf1 Nf5 34. Rxf8+ 1-0

[Event "Aeroflot Open A"]
[Site "Moscow RUS"]
[Date "2011.02.12"]
[Round "5"]
[White "Paikidze, Nazi"]
[Black "Khader, Sami"]
[Result "1/2-1/2"]
[WhiteTitle "WGM"]
[BlackTitle "IM"]
[WhiteElo "2455"]
[BlackElo "2450"]
[WhiteFideId "13603620"]
[BlackFideId "8100500"]
[EventDate "2011.02.08"]

1. d4 Nf6 2. c4 e6 3. Nf3 Bb4+ 4. Nc3 c5 5. e3 Bxc3+ 6. bxc3 d6 7. Bd3 Nc6 8. e4
e5 9. d5 Ne7 10. Nh4 h6 11. Qe2 g5 12. Nf5 Nxf5 13. exf5 Qe7 14. f3 Bd7 15. a4
O-O-O 16. Be4 Rdg8 17. g4 h5 18. h3 Kb8 19. Bd2 Nxe4 20. Qxe4 f6 21. Kf2 Rh7 22.
Kg2 Rgh8 23. Be1 Rh6 24. h4 gxh4 25. Kh3 Rg8 26. Bf2 Qh7 27. Kh2 h3 28. Rhg1
hxg4 29. fxg4 Qf7 30. a5 Rh7 31. Rae1 Qf8 32. Be3 Bc8 33. Ra1 Rh4 34. Bf2 Rh7
35. Be3 Rgg7 36. Raf1 Qd8 37. Ra1 Rh4 38. Bf2 Rhh7 39. Rg3 Qg8 40. Rag1 Rh4 41.
Be3 Qd8 42. Ra1 Qe8 43. Bd2 Bd7 44. Rag1 Qd8 45. Qe2 Rh8 46. Ra1 Qg8 47. Rag1
Qh7 48. Qf3 Qg8 49. g5 fxg5 50. f6 Rf7 51. Rxg5 Qd8 52. Rg6 Rhf8 53. Rf1 Qxa5
54. Bh6 Rc8 55. Rg7 Be8 56. Rf2 Qa4 57. Qg4 Qa1 58. Qxh3 Qe1 59. Qf3 Qb1 60. Qg4
Qe1 61. Kg2 Qxc3 62. Qe6 Qxc4 63. Qxd6+ Ka8 64. Qxe5 Qh4 65. Qe6 Rb8 66. Be3 Qh5
67. Rg5 Qh7 68. Qf5 Qxf5 69. Rfxf5 c4 70. Bd2 b5 71. Rg8 Bd7 72. Rxb8+ Kxb8 73.
Rf1 Kc7 74. Bc3 Kd6 75. Kf3 Kxd5 76. Ke3 Be6 77. Bb4 Kc6 78. Ra1 Kb6 79. Be7 Rh7
80. Kd4 Rh4+ 81. Ke5 Bf7 82. Bd8+ Kb7 83. Ba5 Kc6 84. Bc3 Rh5+ 85. Kf4 Kb7 86.
Re1 Kc6 87. Re7 Rh7 88. Rxa7 1/2-1/2